Państwa wydobywające najwięcej złota - Statystyki

Ogólne statystyki
  • Ten quiz został rozwiązany 49 razy
  • Średni wynik to 8 z 10
Statystyki odpowiedzi
Tony złota Kraj % Poprawnych
455 Chiny
100%
209 Stany Zjednoczone
100%
250 Rosja
98%
170 Kanada
95%
270 Australia
89%
125 Meksyk
84%
140 Południowa Afryka
73%
100 Indonezja
64%
150 Peru
50%
100 Uzbekistan
16%
Nie znaleziono quizów pasujących do podanych kryteriów
Rozkład punktacji
Procent ludzi z każdym wynikiem
Percentyl według liczby udzielonych odpowiedzi
Twoja historia wyników
Nie rozwiązałeś tego quizu